| 000 | 00676cam a2200205 i 4500 | ||
|---|---|---|---|
| 999 |
_c57805 _d57805 |
||
| 001 | 20352202 | ||
| 005 | 20221108133203.0 | ||
| 008 | 170801s2019 enka 000 0 eng | ||
| 020 | _a9780141986357x | ||
| 080 | _a327.2(4) M-17 | ||
| 100 | 1 |
_aMaçães, Bruno _99883 |
|
| 245 | 1 | 4 |
_aThe dawn Of Eurasia : _bon the trail of the new world order / _cBruno Maçães. |
| 264 | 1 |
_a[London] : _bAllen Lane, _c2018. |
|
| 300 |
_a293 p. : _billustrations ; _c25 cm. |
||
| 653 | _aპოლიტიკა | ||
| 653 | _a პოლიტიკა და მთავრობა | ||
| 653 | _a ევრაზია | ||
| 653 | _aგეოპოლიტიკა | ||
| 942 |
_2udc _cBK |
||